000 01106nmm a2200301 a 4500
001 ocm000582322
003 TR-IsHL
005 20201028122231.0
008 131028s2008 tu tur
007 cr cn
020 _a9789944604079
035 _a582322
_b(N$T)
050 0 4 _aHF5548.32
_b.E56 2008
090 0 4 _aHF5548.32
_b.E56 2008
245 1 0 _aElektronik ticaretin vergilendirilmesi, seminer, 22.11.2008
_h[electronic resource] /
_chaz. Veysi Seviğ
250 _a1. bs.
260 _aİstanbul :
_bİstanbul Ticaret Odası,
_c2008
300 _a66 p.
650 4 _aEkonomi ve Finans
650 4 _aEconomics and Finance
650 0 _aElektronik ticaret
_x Ekonomik yönleri
650 0 _aElectronic commerce
_x Economic aspects
650 0 _aElektronik ticaret
_x Yasa ve yasama
650 0 _aElectronic commerce
_x Law and legislation
650 7 _aBUSINESS & ECONOMICS / E-Commerce / General (see alsoCOMPUTERS / Electronic Commerce)
_2bisacsh
700 1 _aSeviğ, Veysi
856 4 0 _uhttp://search.ebscohost.com/login.aspx?direct=true&scope=site&db=e011xww&AN=582322
999 _c1758
_d1758